| 000 | 00714nam a22001937a 4500 | ||
|---|---|---|---|
| 999 |
_c8281 _d8281 |
||
| 008 | 201105b ||||| |||| 00| 0 eng d | ||
| 040 | _aBMS College of Architecture | ||
| 100 | _aGayathri, K S | ||
| 245 | _aTransit oriented development an emerging futuristic sustainable solutions for Indian cities A case of Yeshwanthpur | ||
| 300 | _a100p. | ||
| 502 |
_8M.Arch (Habitat Design) _NBMS College of Architecture, Visvesvaraya Technological University (VTU) _aDessertation _d2019 |
||
| 650 | _aTransit oriented development | ||
| 650 | _aIndian cities | ||
| 700 |
_aMamtha P Raj _eGuide |
||
| 700 |
_aRachana D R _eGuide |
||
| 700 |
_aPooja S _eGuide |
||
| 700 |
_aSadashiv Chakravarthy _eGuide |
||
| 942 |
_2ddc _cTHE |
||